000 00218 a2200097 4500
001 14015
100 _aHenrikibsen
245 _aLast plays of henrikibsen
260 _aNew York
_bBantam books
_c
090 _c10972
_d10972
942 _aNUST-CAE
_cM
_c1083
999 _c249088
_d249088